01415nam a22001577a 4500003000900000005001700009008004100026040001300067100002400080245008300104250000800187260001900195300001900214490001000233520101400243IT-RoPau20220918175938.0130122b xxu||||| |||| 00| 0 eng d cIT-RoPau aGiaccardo , Timoteo aIl Beato Don Timoteo Giaccardo bPrimo Sacerdote della F.P. (ed. orig. 1968) aIII aRomabEPc1993 a85 p.c18,5 cm aEPvI a INDICE Il grande segreto Presentazione UN APOSTOLO DEL DECRETO CONCILIARE <> Veri mezzi di apostolato Le edizioni al servizio di Cristo-Parola Cenni Biografici MARIA, MADRE MAESTRA E REGINA DELLA VITA DI DON TIMOTEO Il giorno del battesimo L'ordine della mia vocazione è un ordine mariano In seminario Il voto di castità a 14 anni Il ricorso a Maria nella crisi giovanile Maria: la via più celere per diventare un altro Cristo Il segno più evidente Maria: una presenza ineffabile per ogni suo <> Ogni cosa nelle mani di Maria Continuare fedelmente sulla via del santuario Un voto fatto per Maria Maria regina dei suoi studi L'ora della prova e della luce Un giorno indimenticabile Sacerdote di Maria La Madre e e il figlio La Maestra e il discepolo La Regina e il suddito e ministro <> La Comunione dei santi Preghiera